Alfred's basic piano library : (Record no. 7069)
[ view plain ]
| 000 -LEADER | |
|---|---|
| fixed length control field | 00746nam a2200205 4500 |
| 008 - FIXED-LENGTH DATA ELEMENTS--GENERAL INFORMATION | |
| fixed length control field | 020319s1987 cau engta |
| 090 ## - LOCALLY ASSIGNED LC-TYPE CALL NUMBER (OCLC); LOCAL CALL NUMBER (OCLC) | |
| Classification number (OCLC) (R) ; Classification number, CALL (RLIN) (NR) | MT248 |
| Local cutter number (OCLC) ; Book number/undivided call number, CALL (RLIN) | Al2c |
| 100 1# - MAIN ENTRY--PERSONAL NAME | |
| Personal name | Palmer, Willard A. |
| 245 10 - TITLE STATEMENT | |
| Title | Alfred's basic piano library : |
| Remainder of title | chord approach - a piano method for the latter beginner / |
| Statement of responsibility, etc | Willard A. Palmer, Morton Manus, Amanda Vick Lethco. |
| 260 ## - PUBLICATION, DISTRIBUTION, ETC. (IMPRINT) | |
| Place of publication, distribution, etc | California : |
| Name of publisher, distributor, etc | Afred Publishing, |
| Date of publication, distribution, etc | c1987. |
| 300 ## - PHYSICAL DESCRIPTION | |
| Extent | 31 p. |
| 490 1# - SERIES STATEMENT | |
| Series statement | Alfred's basic adult piano course |
| 500 ## - GENERAL NOTE | |
| General note | Technic book level 2. |
| 650 #4 - SUBJECT ADDED ENTRY--TOPICAL TERM | |
| Topical term or geographic name as entry element | Piano |
| General subdivision | Methods. |
| 650 #4 - SUBJECT ADDED ENTRY--TOPICAL TERM | |
| Topical term or geographic name as entry element | Piano |
| General subdivision | Music. |
| 650 #4 - SUBJECT ADDED ENTRY--TOPICAL TERM | |
| Topical term or geographic name as entry element | Piano |
| General subdivision | Studies and exercises. |
| 951 ## - EQUIVALENCE OR CROSS-REFERENCE-GEOGRAPHIC NAME/AREA NAME [OBSOLETE] [CAN/MARC only] | |
| General subdivision | 00007631 |
| 700 1# - ADDED ENTRY--PERSONAL NAME | |
| Personal name | Lethco, Amanda Vick |
| 700 1# - ADDED ENTRY--PERSONAL NAME | |
| Personal name | Manus, Morton |
| 951 ## - EQUIVALENCE OR CROSS-REFERENCE-GEOGRAPHIC NAME/AREA NAME [OBSOLETE] [CAN/MARC only] | |
| -- | 15120 |
| -- | MT248/Al2c |
| -- | 070613111054375 |
| -- | 2000-12-21 |
| -- | OS |
| Withdrawn status | Lost status | Damaged status | Not for loan | Home library | Current library | Shelving location | Date acquired | Accession number | Shelving control number | Total Checkouts | Full call number | Barcode | Date last seen | Price effective from | Koha item type |
|---|---|---|---|---|---|---|---|---|---|---|---|---|---|---|---|
| BSOP Library | BSOP Library | Oversized Books (General Circulation) | 12/21/2000 | 15120 | 127 | MT248/Al2c | 00007631 | 02/23/2013 | 02/23/2013 | Books |
